| 000 | 00638cam a22002293a 4500 | ||
|---|---|---|---|
| 001 | 19572 | ||
| 003 | PGUSA | ||
| 005 | 20140828083420.0 | ||
| 008 | 061020s2006||||xxu|||||s|||||000 | eng d | ||
| 040 |
_aPGUSA _beng |
||
| 042 | _adc | ||
| 050 | 4 | _aBV | |
| 100 | 1 |
_aMurray, Andrew, _d1828-1917 |
|
| 245 | 1 | 0 |
_aAbsolute Surrender and Other Addresses _h[electronic resource] / _cAndrew Murray |
| 260 |
_bProject Gutenberg, _c2006 |
||
| 506 | _aPublic domain in the USA. | ||
| 516 | _aElectronic text | ||
| 653 | _aChristian life | ||
| 830 | 0 |
_aProject Gutenberg _v19572 |
|
| 856 | 4 | 0 | _uhttp://www.gutenberg.org/ebooks/19572 |
| 942 | _cEB | ||
| 999 |
_c248827 _d248827 |
||